XVIII Curso politécnico / Miguel Ansón
Publicado:
San Jorge, núm. 81 (1r trimestre 1971), pàg 89 :
MARC
| LEADER | 00000nam a2200000Ia 4500 | ||
|---|---|---|---|
| 001 | |||
| 008 | 160829s9999 xx 000 0 cat d | ||
| 100 | |a Ansón, Miguel |9 21597 | ||
| 245 | |a XVIII Curso politécnico / Miguel Ansón | ||
| 260 | |a San Jorge, núm. 81 (1r trimestre 1971), pàg 89 | ||
| 650 | |a Escola d'Enginyeria Tècnica Industrial (Vilanova i la Geltrú) |9 44667 | ||
| 901 | |a Arxiu | ||
| 942 | |n 1 | ||
| 952 | |0 0 |1 0 |4 0 |7 1 |9 52082 |a Arxiu |b Arxiu |d 2016-12-01 |l 0 |r 2016-12-01 00:00:00 |w 2016-12-01 |y ARXIU | ||
| 999 | |c 55930 |d 55930 | ||